000 005280000a22001810004500
003 MACL
005 20151208161752.0
008 151208b xxu||||| |||| 00| 0 eng d
040 _aMACL
_cMACL
041 _aHindi
082 _a741.642
100 _aमृदुला गुप्‍ता
_919803
245 _aकर भला हो भला
260 _bएस कुमार एण्‍ड कंपनी
_c2010
350 _a150
650 _aचिल्‍डन बुक
_9314
942 _cHIN
_k741.642
_2ddc
999 _c46890
_d46890